<?xml version="1.0" encoding="UTF-8"?>
<record
    xmlns:xsi="http://www.w3.org/2001/XMLSchema-instance"
    xsi:schemaLocation="http://www.loc.gov/MARC21/slim http://www.loc.gov/standards/marcxml/schema/MARC21slim.xsd"
    xmlns="http://www.loc.gov/MARC21/slim">

  <leader>00309nam a2200109Ia 4500</leader>
  <controlfield tag="008">230206s9999    xx            000 0 und d</controlfield>
  <datafield tag="022" ind1=" " ind2=" ">
    <subfield code="a">0256-0909</subfield>
  </datafield>
  <datafield tag="041" ind1=" " ind2=" ">
    <subfield code="a">eng</subfield>
  </datafield>
  <datafield tag="100" ind1=" " ind2=" ">
    <subfield code="a">Chand V S, Ed.</subfield>
    <subfield code="9">119227</subfield>
  </datafield>
  <datafield tag="245" ind1=" " ind2=" ">
    <subfield code="a">Vikalpa : The Journal for Decision Makers</subfield>
  </datafield>
  <datafield tag="260" ind1=" " ind2=" ">
    <subfield code="b">Indian Institute of Management</subfield>
    <subfield code="a">Ahmedabad</subfield>
  </datafield>
  <datafield tag="999" ind1=" " ind2=" ">
    <subfield code="c">97678</subfield>
    <subfield code="d">97678</subfield>
  </datafield>
  <datafield tag="952" ind1=" " ind2=" ">
    <subfield code="0">0</subfield>
    <subfield code="1">0</subfield>
    <subfield code="4">0</subfield>
    <subfield code="7">0</subfield>
    <subfield code="a">HIMR</subfield>
    <subfield code="b">HIMR</subfield>
    <subfield code="d">2016-11-18</subfield>
    <subfield code="e">Saurabh Pustak Bandhani Kendra</subfield>
    <subfield code="l">0</subfield>
    <subfield code="o">658/CHA BV0205</subfield>
    <subfield code="p">HIMR-BV-205</subfield>
    <subfield code="r">2023-02-06 00:00:00</subfield>
    <subfield code="w">2023-02-06</subfield>
    <subfield code="y">BV</subfield>
    <subfield code="z">BV0205</subfield>
  </datafield>
  <datafield tag="952" ind1=" " ind2=" ">
    <subfield code="0">0</subfield>
    <subfield code="1">0</subfield>
    <subfield code="4">0</subfield>
    <subfield code="7">0</subfield>
    <subfield code="a">HIMR</subfield>
    <subfield code="b">HIMR</subfield>
    <subfield code="d">2016-11-18</subfield>
    <subfield code="e">Saurabh Pustak Bandhani Kendra</subfield>
    <subfield code="l">0</subfield>
    <subfield code="o">658/CHA BV0206</subfield>
    <subfield code="p">HIMR-BV-206</subfield>
    <subfield code="r">2023-02-06 00:00:00</subfield>
    <subfield code="w">2023-02-06</subfield>
    <subfield code="y">BV</subfield>
    <subfield code="z">BV0206</subfield>
  </datafield>
  <datafield tag="952" ind1=" " ind2=" ">
    <subfield code="0">0</subfield>
    <subfield code="1">0</subfield>
    <subfield code="4">0</subfield>
    <subfield code="7">0</subfield>
    <subfield code="a">HIMR</subfield>
    <subfield code="b">HIMR</subfield>
    <subfield code="d">2016-11-18</subfield>
    <subfield code="e">Saurabh Pustak Bandhani Kendra</subfield>
    <subfield code="l">0</subfield>
    <subfield code="o">658/CHA BV0207</subfield>
    <subfield code="p">HIMR-BV-207</subfield>
    <subfield code="r">2023-02-06 00:00:00</subfield>
    <subfield code="w">2023-02-06</subfield>
    <subfield code="y">BV</subfield>
    <subfield code="z">BV0207</subfield>
  </datafield>
  <datafield tag="952" ind1=" " ind2=" ">
    <subfield code="0">0</subfield>
    <subfield code="1">0</subfield>
    <subfield code="4">0</subfield>
    <subfield code="7">0</subfield>
    <subfield code="a">HIMR</subfield>
    <subfield code="b">HIMR</subfield>
    <subfield code="d">2016-11-18</subfield>
    <subfield code="e">Saurabh Pustak Bandhani Kendra</subfield>
    <subfield code="l">0</subfield>
    <subfield code="o">658/CHA BV0208</subfield>
    <subfield code="p">HIMR-BV-208</subfield>
    <subfield code="r">2023-02-06 00:00:00</subfield>
    <subfield code="w">2023-02-06</subfield>
    <subfield code="y">BV</subfield>
    <subfield code="z">BV0208</subfield>
  </datafield>
  <datafield tag="952" ind1=" " ind2=" ">
    <subfield code="0">0</subfield>
    <subfield code="1">0</subfield>
    <subfield code="4">0</subfield>
    <subfield code="7">0</subfield>
    <subfield code="a">HIMR</subfield>
    <subfield code="b">HIMR</subfield>
    <subfield code="d">2016-11-18</subfield>
    <subfield code="e">Saurabh Pustak Bandhani Kendra</subfield>
    <subfield code="l">0</subfield>
    <subfield code="o">658/CHA BV0209</subfield>
    <subfield code="p">HIMR-BV-209</subfield>
    <subfield code="r">2023-02-06 00:00:00</subfield>
    <subfield code="w">2023-02-06</subfield>
    <subfield code="y">BV</subfield>
    <subfield code="z">BV0209</subfield>
  </datafield>
  <datafield tag="952" ind1=" " ind2=" ">
    <subfield code="0">0</subfield>
    <subfield code="1">0</subfield>
    <subfield code="4">0</subfield>
    <subfield code="7">0</subfield>
    <subfield code="a">HIMR</subfield>
    <subfield code="b">HIMR</subfield>
    <subfield code="d">2016-11-18</subfield>
    <subfield code="e">Saurabh Pustak Bandhani Kendra</subfield>
    <subfield code="l">0</subfield>
    <subfield code="o">658/CHA BV0210</subfield>
    <subfield code="p">HIMR-BV-210</subfield>
    <subfield code="r">2023-02-06 00:00:00</subfield>
    <subfield code="w">2023-02-06</subfield>
    <subfield code="y">BV</subfield>
    <subfield code="z">BV0210</subfield>
  </datafield>
  <datafield tag="952" ind1=" " ind2=" ">
    <subfield code="0">0</subfield>
    <subfield code="1">0</subfield>
    <subfield code="4">0</subfield>
    <subfield code="7">0</subfield>
    <subfield code="a">HIMR</subfield>
    <subfield code="b">HIMR</subfield>
    <subfield code="d">2016-11-18</subfield>
    <subfield code="e">Saurabh Pustak Bandhani Kendra</subfield>
    <subfield code="l">0</subfield>
    <subfield code="o">658/CHA BV0211</subfield>
    <subfield code="p">HIMR-BV-211</subfield>
    <subfield code="r">2023-02-06 00:00:00</subfield>
    <subfield code="w">2023-02-06</subfield>
    <subfield code="y">BV</subfield>
    <subfield code="z">BV0211</subfield>
  </datafield>
  <datafield tag="952" ind1=" " ind2=" ">
    <subfield code="0">0</subfield>
    <subfield code="1">0</subfield>
    <subfield code="4">0</subfield>
    <subfield code="7">0</subfield>
    <subfield code="a">HIMR</subfield>
    <subfield code="b">HIMR</subfield>
    <subfield code="d">2016-11-11</subfield>
    <subfield code="e">Satya Gilani</subfield>
    <subfield code="h">Jan. 2009 to June 2009 (Vol. 34 No. 1 to Vol. 34 No. 2)</subfield>
    <subfield code="l">0</subfield>
    <subfield code="o">658/VOH BV0127</subfield>
    <subfield code="p">HIMR-BV-127</subfield>
    <subfield code="r">2023-02-06 00:00:00</subfield>
    <subfield code="w">2023-02-06</subfield>
    <subfield code="y">BV</subfield>
    <subfield code="z">BV0127</subfield>
  </datafield>
</record>
